| 000 -CABECERA |
| Longitud fija campo de control |
00584nam a2200193 a 4500 |
| 001 - NÚMERO DE CONTROL |
| Número de control |
1191 |
| 003 - IDENTIFICADOR DEL NÚMERO DE CONTROL |
| Identificador del número de control |
CDMR |
| 005 - FECHA Y HORA DE LA ÚLTIMA TRANSACCIÓN |
| Fecha y hora de la última transacción |
20130322134912.0 |
| 008 - CÓDIGOS DE INFORMACIÓN DE LONGITUD FIJA |
| Códigos de información de longitud fija |
130130s1987||||||||||||||||||||||||||||d |
| 020 ## - NÚMERO INTERNACIONAL NORMALIZADO PARA LIBROS |
| Número Internacional Normalizado para Libros (ISBN) |
8474564123 |
| 040 ## - FUENTE DE LA CATALOGACIÓN |
| Centro catalogador de origen |
CDMR |
| Lengua de catalogación |
cat |
| Centro transcriptor |
CDMR |
| 100 1# - PUNTO DE ACCESO PRINCIPAL-NOMBRE DE PERSONA |
| Nombre de persona |
Gasch, Sebastian |
| 9 (RLIN) |
232 |
| 245 10 - MENCIÓN DE TÍTULO |
| Título |
Escrits d'art i d'avantguarda |
| Mención de responsabilidad, etc. |
Sebastià Gasch ; estudi i selecció de Joan M. Minguet i Batllori |
| Resto del título |
: 1925-1938 |
| 260 ## - PUBLICACIÓN, DISTRIBUCIÓN, ETC. (PIE DE IMPRENTA) |
| Lugar de publicación, distribución, etc. |
Barcelona |
| Fecha de publicación, distribución, etc. |
1987 |
| Nombre del editor, distribuidor, etc. |
Edicions del Mall |
| 300 ## - DESCRIPCIÓN FÍSICA |
| Extensión |
241 p ; |
| Dimensiones |
19 cm |
| 490 0# - MENCIÓN DE SERIE |
| Mención de serie |
Sèrie Assaig |
| 500 ## - NOTA GENERAL |
| Nota general |
Conté 1 full amb el "Manifest groc" |
| 942 ## - ENTRADA DE ELEMENTOS AGREGADOS (KOHA) |
| Koha [por defecto] tipo de item |
Monografies |
| Fuente de clasificaión o esquema |
|